| 000 | 00691nam a2200229 a 4500 | ||
|---|---|---|---|
| 005 | 20240228064135.0 | ||
| 008 | 140612s2007 mx r 000 0 spa d | ||
| 020 | _a9789681684334 | ||
| 035 | _aUPN01000197813 | ||
| 049 | _aI | ||
| 050 | 4 |
_aPZ49.41 _bF8.4 |
|
| 100 | 1 |
_aFukuda, Ricca, _d1962- _935707 |
|
| 245 | 1 | 0 |
_aLuna estelar / _cRicca Fukuda ; il. Kuniko Nagasaki ; tr. Jaime Barrera Parra. |
| 260 |
_aMéxico : _bFCE, _c2007. |
||
| 300 |
_a[43] p. : _bil. |
||
| 440 | 4 | _aLos primerísimos | |
| 534 |
_pTítulo original: _tTsukihoshi |
||
| 650 | 4 |
_aLITERATURA INFANTIL JAPONESA _910010 |
|
| 650 | 4 |
_aLibros y lectura para niños _92290 |
|
| 905 | _aInfantil | ||
| 999 |
_c169914 _d169914 |
||